Normal view
MARC view
- Khatal Kavita
Entry Personal Name
001 - CONTROL NUMBER
- control field: 213113
003 - CONTROL NUMBER IDENTIFIER
- control field: OSt
005 - DATE AND TIME OF LATEST TRANSACTION
- control field: 20250916095313.0
008 - FIXED-LENGTH DATA ELEMENTS
- fixed length control field: 250916|| aca||aabn | a|a d
040 ## - CATALOGING SOURCE
- Original cataloging agency: OSt
- Transcribing agency: OSt
100 ## - HEADING--PERSONAL NAME
- Personal name: Khatal Kavita
670 ## - SOURCE DATA FOUND
- Source citation: Work cat.: (OSt)367806: Khatal Kavita, Indian Knowledge System - NEP-2020, 2024